000 00729nam a22002657a 4500
001 BR0102801
003 BR-BrBNA
005 20230928100922.0
007 ta
008 230509b bl.||||| |||| 00| 0 por d
040 _aBR-BrBNA
_bpor
_cBiblioteca Nacional de Agricultura
041 _a(Por)
072 _aE70
_b9910
090 _ 9910 BR0102801
100 1 _aBorges, W.
110 1 _aInstituto Brasileiro do Cafe, Rio de Janeiro, GB (Brasil). Div de Estatistica
_95863
245 1 _aAnalise sobre o cafe na Europa
260 3 _aRio de Janeiro, GB (Brasil):
_c1954.
300 _a51 p.
500 _a20 tables
650 _aCafe
650 _aComercializacao
909 _a202309
_bLucia
_c55
_dLucia Elande
942 _cBK
999 _c63404
_d63404